000 00298nam a2200121Ia 4500
005 20251222154334.0
008 251222s9999||||xx |||||||||||||| ||spa||
020 _a84-226-2555-5
082 _a226.5/B44/Ej.2
100 _a"Benites, Juan José"
245 0 _aEL testamento de San Juan
942 _cLIB
999 _c34286
_d34286